000 00491ntaaa2200181 4500
003 01
005 20251027201848.0
008 0714s1973 ag 01
040 _aAR-BaBN
_bspa
_cAR-BaBN
_eaacr
_dRIC
082 _a248.2000 B94
100 _aBurroughs, Jeremioah
_917108
245 _aThe rare jewel of christian contentment
250 _a1 ed.
260 _aLondon :
_bBanner of Truth Trust,
_c1648, 1964
300 _a228 p
500 _aEl cristiano contento - una joya rara
942 _cBK
999 _c13305
_d13305